000 00512cam a2200169 a 4500
001 000009199
005 20200929161521.0
008 831122s1940 cl c 000 0 spa
040 _aDO-SdBNP
_bspa
_cBNPHU
082 _aV863.44
_bU86L
100 1 _aUslar Pietri, Arturo,
_d1906-2001.
_912623
245 1 4 _aLas lanzas coloradas /
_cArturo Uslar Pietri.
260 _aSantiago de Chile :
_bZig-zag,
_c1940.
300 _a180 p. ;
_c20 cm.
650 4 _aNovela venezolana
_93962
650 4 _aLiteratura venezolana
_93816
999 _c8962
_d8962